| 000 | 00771nam a22002057a 4500 | ||
|---|---|---|---|
| 999 |
_c160792 _d160792 |
||
| 005 | 20190502150212.0 | ||
| 010 | _aENG-124802 | ||
| 020 |
_a9788186772904 _c695.00 |
||
| 035 | _aEN-108334 | ||
| 037 | _bDBAD/PUB | ||
| 082 | _a371.828297 | ||
| 100 | _aAhmed Sahidul | ||
| 245 |
_aEducation and the muslim diaspora: _bin search of holistic approaches for an inclusive development/ _cby Ahmed Sahidul [and] De Tinku |
||
| 260 |
_aNew Delhi _bNew Academic Publishers _c2016 |
||
| 270 |
_a4760-61, 23, Ansari Road, Daryaganj _bNew Delhi _e110002 _k011-23282663, 22413394 _mnapindia@newacademicpublishers.com |
||
| 300 |
_aviii,152p. _c22cm(Hb) |
||
| 500 | _aincludes bibliographical references | ||
| 700 | _aDe Tinku | ||
| 942 |
_2ddc _cEN _h371.828297 _mAHM |
||